[Event "GER-chT School WK 4"]
[Site "Playchess.com INT"]
[Date "2020.06.16"]
[Round "3.3"]
[White "Kaeuper, Johann"]
[Black "Gyacsok, Dzvinka"]
[Result "1-0"]
[WhiteElo "1947"]
[BlackElo "1601"]
[PlyCount "93"]
[EventDate "2020.06.16"]
[EventType "team-swiss (blitz)"]
[EventRounds "5"]
[EventCountry "GER"]
[SourceTitle "EXT 2021"]
[Source "ChessBase"]
[SourceDate "2020.10.23"]
[SourceVersion "1"]
[SourceVersionDate "2020.10.23"]
[SourceQuality "1"]
[WhiteTeam "Paderborn Pelizaeus"]
[BlackTeam "Ingelheim Muenster Gymn"]
[WhiteTeamCountry "GER"]
[BlackTeamCountry "GER"]

1. d4 Nf6 2. Nf3 e6 3. g3 d5 4. Bg2 Bb4+ 5. Bd2 Bxd2+ 6. Nbxd2 0-0 7. 0-0 Nc6 8. c4 Re8 9. cxd5 exd5 10. Re1 Bf5 11. e3 Ne4 12. Nxe4 Bxe4 13. a3 Qd7 14. b4 a6 15. Qb3 b6 16. Rac1 a5 17. b5 a4 18. bxc6 axb3 19. cxd7 Re7 20. Ne5 Bxg2 21. Kxg2 f6 22. Rxc7 Rd8 23. Nc6 Rdxd7 24. Rc8+ Kf7 25. Nxe7 Kxe7 26. Rb1 Ra7 27. Rxb3 Kd7 28. Rb8 Kc7 29. R8xb6 h6 30. Re6 Kc8 31. Rc3+ Kd8 32. Rd6+ Ke7 33. Rxd5 Ke6 34. Rdc5 Kf7 35. Rc7+ Rxc7 36. Rxc7+ Kf8 37. a4 Ke8 38. Rc5 Kd8 39. a5 Kd7 40. a6 Ke7 41. a7 Kf7 42. a8Q Kg6 43. Qe8+ Kh7 44. h4 f5 45. h5 f4 46. Qg6+ Kh8 47. Rc8# 1-0

[Event "GER-chT School WK 4"]
[Site "Playchess.com INT"]
[Date "2020.06.16"]
[Round "4.3"]
[White "Wald, Fiete"]
[Black "Kaeuper, Johann"]
[Result "0-1"]
[WhiteElo "1720"]
[BlackElo "1947"]
[PlyCount "38"]
[EventDate "2020.06.16"]
[EventType "team-swiss (blitz)"]
[EventRounds "5"]
[EventCountry "GER"]
[SourceTitle "EXT 2021"]
[Source "ChessBase"]
[SourceDate "2020.10.23"]
[SourceVersion "1"]
[SourceVersionDate "2020.10.23"]
[SourceQuality "1"]
[WhiteTeam "Dresden Nexoe Gymn"]
[BlackTeam "Paderborn Pelizaeus"]
[WhiteTeamCountry "GER"]
[BlackTeamCountry "GER"]

1. e4 e6 2. d4 d5 3. exd5 exd5 4. c3 Bd6 5. Bd3 Nf6 6. Bg5 0-0 7. Ne2 Bg4 8. 0-0 Re8 9. h3 Bh5 10. Qc2 g6 11. Bxf6 Qxf6 12. g4 Qh4 13. gxh5 Qxh3 14. Ng3 Kg7 15. hxg6 hxg6 16. Qd2 Bxg3 17. fxg3 Qxg3+ 18. Kh1 Rh8+ 19. Qh6+ Rxh6# 0-1